Statistics for Μεγαλύτερες ανά πληθυσμό χώρες - Σχήματα χωρών

Click here to take the quiz!

General Stats

  • This quiz has been taken 132 times
  • The average score is 10 of 20

Answer Stats

Answer% Correct
Ηνωμένες Πολιτείες
92%
Ιαπωνία
90%
Κίνα
81%
Αίγυπτος
72%
Ινδία
72%
Ινδονησία
64%
Μεξικό
62%
Τουρκία
56%
Γερμανία
51%
Ταϊλάνδη
49%
Φιλιππίνες
48%
Βραζιλία
41%
Βιετνάμ
41%
Ιράν
39%
Πακιστάν
35%
Ρωσσία
33%
Αιθιοπία
23%
Μπανγκλαντές
21%
Λαϊκή Δημοκρατία του Κονγκό
21%
Νιγηρία
10%

Score Distribution

Percentile by Number Answered

Percent of People with Each Score

Your Score History

You have not taken this quiz